Cieľ: držať krok s elitou (mužský basketbal ČSSR)

Bibliographic Details
Main Author: Petera, Pavel (Author)
Format: Article
Language:Slovak
Subjects:

MARC

LEADER 00000nab a2200000 ar4500
001 vtls009300459
003 SK-MaSNL
005 20260303051823.0
008 080604c19761111xo wr|||||||||000 b|slo
015 |a SNBRB2008/07  |2 snkbucl 
038 |a SNKBUCL 
040 |a SNKBUCL  |b slo  |c SNKBUCL  |e AACR2 
041 0 |a slo 
044 |a xo  |c SK 
080 |a 796.323.2  |2 2001 
100 1 |a Petera, Pavel  |4 aut  |9 932575 
245 1 0 |a Cieľ: držať krok s elitou  |b (mužský basketbal ČSSR)  |c Pavel Petera 
650 0 7 |a basketbal  |2 snkbucl  |9 3290 
650 0 7 |a muži  |2 snkbucl  |9 4888 
773 0 |t Šport  |g (11.11.1976), s. 3 
852 |a SNK  |b KIS3GCP 
999 |c 1712913  |d 1714843